00676 a2200193 4500010001400000020001000014035001400024037001800038082000800056090001500064100001600079245008900095260004200184270006200226300002600288942002300314999001500337952013000352 aENG-85331 c50.00 aENG-68864 bD.B.Act / Pub14a485 c2081d20811 aSood, K. S.1 aBrightr's handbook of common errors in english and how to avoid themcby K. S. Sood aDelhibBright careers Institutec2005 a1525, Nai SarakbDelhie110 006mpsbright@ndf.vsnl.net.in a207 p.c18 cm. (Pbk.) adplcENk485 / SOO c2046d2046 00102ddc40718NFICaDBADbDBADeDBAD/PUBg50.00l0o485 SOOpEN-68864r2008-09-15 00:00:00t1u2162v50.00w2008-09-15yEN